| 000 | 01277nam a2200361 i 4500 | ||
|---|---|---|---|
| 003 | EG-GICUC | ||
| 005 | 20260506044623.0 | ||
| 008 | 260418s1959 fr ||||fr|||| 00| 0 fre d | ||
| 040 |
_aEG-GiCUC _bfre _cEG-GiCUC _dEG-GiCUC _eRda |
||
| 041 | 0 | _afre | |
| 082 | 0 | 4 |
_221 _a343 _bGA . C |
| 092 | 0 | 4 | _221 |
| 099 | _aLaw1 10 343 GA . C 1959 | ||
| 100 | 1 |
_aGarçon, Émile _eAuteur |
|
| 245 | 1 | 0 |
_aCode pénal annoté . _nTome III / _cpar Émile Garçon, Marcel Rousselet, Marc Ancel, Maurice Patin. |
| 250 | _aNouvelle édition entièrement refondue et mise à jour | ||
| 264 | 1 |
_aParis : _bLibrairie Sirey, _c1959. |
|
| 300 |
_a52 page ; _c 24 cm. _billustration ; |
||
| 336 |
_2rda contenu _a texte |
||
| 337 |
_2rda medias _aOrdinateur |
||
| 338 |
_2 transporteur rda _a Ressource en ligne |
||
| 500 | _aMise à jour au 1er février 1959 des tomes I-III et contraventions de police | ||
| 504 | _aComprend des références bibliographiques. | ||
| 546 | _aTexte en français | ||
| 650 | 1 | 4 |
_aCriminal law _2qrmak |
| 651 | 1 | _2qrmak | |
| 700 | 1 |
_aRousselet, Marcel _eÉditeur |
|
| 700 | 1 |
_a Ancel, Marc _eÉditeur |
|
| 700 | 1 |
_aPatin, Maurice _eÉditeur |
|
| 856 | 4 | 0 | _uhttps://fll.law.cu.edu.eg/fulltext/bks/B10-10051.pdf |
| 905 | _a74 | ||
| 942 |
_2ddc _n0 _cBK _e21 |
||
| 999 |
_c71639 _d71639 |
||